LEADER 00666nam0-22002531i-450- 001 990002605820403321 005 20140924140813.0 035 $a000260582 035 $aFED01000260582 035 $a(Aleph)000260582FED01 035 $a000260582 100 $a20030910d1966----km-y0itay50------ba 101 0 $aeng 200 1 $aBusiness Growth$fdi EDWARDS e TOWNSEND 210 $aLondra$cMacMillan$d1966 700 1$aEdwards,$bRonald S.$0146179 702 1$aTownsend,$bHarry 801 0$aIT$bUNINA$gRICA$2UNIMARC 901 $aBK 912 $a990002605820403321 952 $a0-9-12-TI$bN.I.$fECA 959 $aECA 996 $aBusiness Growth$9434531 997 $aUNINA LEADER 01018nam0-2200361---450- 001 990000894410403321 005 20061124150620.0 010 $a0-07-084072-5 035 $a000089441 035 $aFED01000089441 035 $a(Aleph)000089441FED01 035 $a000089441 100 $a20020821d1977----km-y0itay50------ba 101 0 $aeng 102 $aUS 105 $aa-------001yy 200 1 $a<>finite element method$fO. C. Zienkiewicz 205 $a3. ed. expanded and revised 210 $aLondon$cMcGraw-Hill$d1977. 215 $aXV, 787 p.$cill.$d24 cm 517 1 $a<> finite element method in engineering science 610 0 $aAnalisi strutturale 676 $a624.17 700 1$aZienkiewicz,$bOlgierd Cecil$f<1921-2009>$021195 801 0$aIT$bUNINA$gRICA$2UNIMARC 901 $aBK 912 $a990000894410403321 952 $a03 AS.0,78$b3558$fIINTC 952 $aA 144$fDINPA 959 $aIINTC 959 $aDINPA 996 $aFinite element method$934260 997 $aUNINA